Этнополитология (Запис № 317506)

МАРК-запис
000 -Лідер
fixed length control field 01448nam a22002777a 4500
001 - Контрольний номер
control field 31085
003 - Ідентифікатор контрольного номера
control field UA-OsUOA
005 - Дата та час останнього входження (трансакції)
control field 20230504161223.0
007 - Фіксоване поле фізичного опису
fixed length control field ta
008 - Елементи даних фіксованої довжини – загальна інформація
fixed length control field 20041201b un ||||| |||| 00| 0 ukr d
020 ## - Міжнародний стандартний книжковий номер (ISBN)
Міжнародний стандартний книжковий номер (ISBN) (НП) 5947235757
040 ## - Джерело каталогізації
Агенція оригінальної каталогізації UA-OsUOA
Мова каталогізації rus
Агенція, яка здійснювала перезапис UA-OsUOA
Агенція, яка здійснювала модифікацію UA-OsUOA
041 ## - Код мови
Код мови тексту/ звукової доріжки чи окремого заголовка (П) rus
044 ## - Код країни видавця/ виробника
Код країни видавця/ виробника (П) RU
080 ## - Індекс Універсальної десяткової класифікації
Індекс Універсальної десяткової класифікації (УДК) (НП) 32:39(075)
090 ## - Локальний шифр розміщення
Класифікаційний індекс УДК 32:39(075)
Авторський знак (НП) А13
100 ## - Основне введення – ім’я особи
Ім’я особи (НП) Абдулатипов Р. Г.
245 ## - Відомості про назву
Назва (НП) Этнополитология
260 ## - Публікація, розповсюдження і т.п. (Вихідні дані)
Місце публікації, розповсюдження і т.п. (П) СПб
Ім’я/ наймення видавництва, розповсюджувача і т.п. (П) Питер
Дата публікації, розповсюдження і т.п. (П) 2004
300 ## - Фізичний опис
Обсяг 313 с.
520 3# - Резюме і т.п.
Резюме, реферат, анотація, тощо (НП) Учебное пособие по этнополитологии рассматривает генезис этнических,этнонациональных, межэтнических, этнокультурных отношений в системе социально-политических процессов, институтов, влияние этнического и этнонационального факторов на политическую власть, идеи, политико-правовые нормы, отношения власти, деятельности политических учреждений, партий и движений в сфере этнонациональных отношений.
650 #7 - Додаткове предметне введення – тематичний термін
Тематичний термін чи географічна назва, як елемент введення (НП) 32 Політика
Джерело заголовка чи терміна UDC
942 ## - Додаткові елементи входу (Коха)
Тип елемента Koha Книги
Source of classification or shelving scheme Universal Decimal Classification
955 ## - Код типу видання за змістом
Код типу видання за змістом (НП) Навчальні видання
Фонди
Стан вилучень Стан втрат Джерело класифікації або схеми стелажів Стан уражень Не для кредиту Постійне місце розташування Поточне розміщення Дата придбання Джерело придбання Вартість, звичайна ціна покупки Інвентарний номер Усього замовленно Повний номер виклику Штрих-код Дата останнього перегляду Ціна ефективна від Тип елемента Koha
    Universal Decimal Classification     ЧЗ - Читальна зала ЧЗ - Читальна зала 05/07/2005 103/2005 38.15 86607   32:39(075.8) А 13 86607 07/02/2022 05/07/2005 Книги
    Universal Decimal Classification     ЧЗ - Читальна зала ЧЗ - Читальна зала 01/12/2004   48.50 81304   32:39(075) А13 81304 07/02/2022 01/12/2004 Книги